000
00216nam a22000857a 4500
008
170620b xxu||||| |||| 00| 0 eng d
100
_9
3581
_a
Sachdeva.C.S
245
_a
Macro Economics XII
260
_a
New Delhi
_b
G.P.H
_c
2012
999
_c
6967
_d
6967